000 00579nam a2200193Ia 4500
005 20250508164812.0
008 008 250505s9999 xx 000 0 eng d
037 _aTheses
040 _aFEDL
_beng
_cFEDL
041 _aeng
_2eng
084 _a371.97, BAR/TH
_qFEDL
100 _aBara Joseph
245 0 _aModern education and the rise of self identity among the mundas and oraons of Chhotanagpur, 1839-1947
260 _c2002
300 _a296p.
546 _aPh. D. Thesis (Delhi University)
942 _cTH
_h371.97, BAR/TH
999 _c1391267
_d1391267